000 00432nam a2200181Ia 4500
001 20452
005 20260306172807.0
008 260306t2013||||xx |||||||||||||| ||spa||
041 _aESP
082 _a343.21
_bM44 T. 2
100 _aMesía Ramírez, Carlos
_eAUT
245 0 _aExégesis del código procesal constitucional
260 _c2013
300 _a
_c
650 _aGEN
654 _aCDE
942 _cLIB
_dJUS
_fJUS
_2ddc
_n
999 _c20452
_d20452